| 000 | 00467nam a22001937a 4500 | ||
|---|---|---|---|
| 003 | OSt | ||
| 005 | 20160510123617.0 | ||
| 008 | 160510b xxu||||| |||| 00| 0 eng d | ||
| 010 | _a2001021273 | ||
| 020 | _a0130909475 | ||
| 040 | _cn/a | ||
| 050 |
_aHF5718.2 _b .U6 T45 2001 |
||
| 100 | _aThill, John V. | ||
| 245 | _aExcellence in business communication | ||
| 250 | _a5th ed | ||
| 260 |
_aUSA _bprentice hall _c2001 |
||
| 300 | _axxxv,539p | ||
| 942 |
_2lcc _cBK |
||
| 999 |
_c253439 _d253438 |
||